000 00752nam a2200205Ia 4500
003 GCL
008 140319s9999 xx 000 0 ara d
020 _a8098209977
040 _aGCL /
_cGCL
082 0 4 _a956.708
_bا ق
100 1 _aاحمد منصور
245 1 0 _aقصة سقوط بغداد /
_cاحمد منصور
250 _aالاولى
260 _aالقاهرة :
_bالمكتب المصرى الحديث ،
_c2003
300 _a199 ص ؛
_c24 سم
650 0 4 _aالعراق - تاريخ - العصر الحديث - صدام حسين
650 0 4 _aالعراق - تاريخ - العصر الحديث - احتلال الكويت ( 1990-1991 )
650 0 4 _aالاعتداء الامريكى على العراق
942 _2ddc
_cBK
999 _c6088
_d6088